| 000 | 00498nam a2200169 i 4500 | ||
|---|---|---|---|
| 001 | 59109 | ||
| 003 | ES-MaACL | ||
| 005 | 20230906163952.0 | ||
| 007 | t| | ||
| 008 | 031027s1962 sp ||||1| spa d | ||
| 100 | 1 |
_aEichmann, Adolf. _946812 |
|
| 245 | 1 | 0 |
_aMi verdad / _cAdolf Eichmann ; [versión española de Jorge Jenkins]. |
| 260 |
_aBarcelona : _bPlaza & Janés, _c[1962] |
||
| 300 |
_a124 p., 2 lám. ; _c20 cm. |
||
| 700 | 1 |
_aJenkins, Jorge. _966299 |
|
| 852 |
_aES-MaACL _jC-22063 _bR.50053 |
||
| 999 |
_c59109 _d59109 |
||